Art Of War (Record no. 316322)
[ view plain ]
| 000 -LEADER | |
|---|---|
| fixed length control field | 00320nam a2200133Ia 4500 |
| 008 - FIXED-LENGTH DATA ELEMENTS--GENERAL INFORMATION | |
| fixed length control field | 230718s9999 xx 000 0 und d |
| 041 ## - LANGUAGE CODE | |
| Language code of text/sound track or separate title | eng |
| 082 ## - DEWEY DECIMAL CLASSIFICATION NUMBER | |
| Classification number | 355.02 |
| Item number | TZU |
| 100 ## - MAIN ENTRY--PERSONAL NAME | |
| Personal name | Tzu Sun |
| 9 (RLIN) | 124972 |
| 245 ## - TITLE STATEMENT | |
| Title | Art Of War |
| 365 ## - TRADE PRICE | |
| Currency code | Rs. |
| Price amount | 195.00 |
| 700 ## - ADDED ENTRY--PERSONAL NAME | |
| Personal name | Tzu Sun |
| 9 (RLIN) | 124972 |
| 906 ## - LOCAL DATA ELEMENT F, LDF (RLIN) | |
| d | B:362716-Mar-2007 |
| c | OTH |
| b | 39 |
| Withdrawn status | Lost status | Damaged status | Not for loan | Home library | Current library | Date acquired | Vendor | Budget Code | Cost, normal purchase price | Bill number | Total Checkouts | Full call number | Barcode | Date last seen | Discount | Cost, replacement price | Bill Date | Koha item type | Original Barcode |
|---|---|---|---|---|---|---|---|---|---|---|---|---|---|---|---|---|---|---|---|
| Cummins College of Engineering for Women Pune | Cummins College of Engineering for Women Pune | 30/03/2007 | Varma Book Distributors | OTH | 156.00 | 3627 | 355.02 | CCEP-BK-27529 | 18/07/2023 | 39 | 195.00 | 16/03/2007 | Books | 027529 |